| 000 | 00575nam a22002057a 4500 | ||
|---|---|---|---|
| 003 | OSt | ||
| 005 | 20260416110128.0 | ||
| 008 | 260416b |||||||| |||| 00| 0 eng d | ||
| 020 | _a81-73715297 Pbk. Bp. | ||
| 040 |
_aMMSU _cULS |
||
| 050 | _aGC 11.2 O24 2005 CASAT | ||
| 245 |
_aOceanology / _cHarsh K Gupta, Editor. |
||
| 260 |
_aIndia : _bUniversities Press, _c2005. |
||
| 300 |
_ax, 222 pages ; _billustrations ; _c22 cm. |
||
| 504 | _aIncludes index. | ||
| 650 |
_aOceanography. _91553 |
||
| 650 | _aMarine ecology. | ||
| 650 | _aMarine animals. | ||
| 942 |
_2lcc _cBK |
||
| 999 |
_c29019 _d29019 |
||